000
00225nam a22000857a 4500
008
170624b xxu||||| |||| 00| 0 eng d
100
_9
3656
_a
Jain. G
245
_a
Nobel prize in winners in Economics
260
_a
New Delhi
_b
Tep
_c
2009
999
_c
7063
_d
7063